000 00630nam a2200217Ii 4500
003 JO-AjNU
008 230606s9999||||xx |||||||||||||| ||und||
020 _a0-13-288283-3 / 978-0-13-288283-5
040 _aJO-AjNU
_beng
_erda
_cJO-AjNU
041 _aeng
050 1 4 _aHG4011.R42 1995
100 3 _aRees,Bill,
_eauthor
_93086
245 0 0 _aFinancial Analysis
250 _a2 ed
264 3 1 _aHarlow: Financial Times,1995
300 _a390p
_bIncludes indexes(p383-390)
336 _atext
_btxt
_2rdacontent
337 _aunmediated
_bn
_2rdamedia
338 _avolume
_bnc
_2rdacarrier
650 4 _aFinancial Analysis
_93087
999 _aE1618
_c1618
_d1618